| 000 | 00781nam a2200265 a 4500 | ||
|---|---|---|---|
| 001 | 000114177 | ||
| 003 | CHAP | ||
| 005 | 20240904094709.0 | ||
| 008 | 171110s2016 mx |s| ||||||spa d | ||
| 010 | _a110638 | ||
| 011 | _a111610 | ||
| 040 | _cCHAP | ||
| 090 | _aCD-479 (2015-2016) | ||
| 100 | 1 | 0 |
_aBarrales Domínguez, José Sergio _910332 |
| 245 | 1 | 0 |
_aInforme de labores 2015-2016 _h[Disco compacto] _cpor José Sergio Barrales Domínguez. |
| 260 |
_aChapingo, Méx. : _bUACH. UPOM, _c2016. |
||
| 300 |
_a1 CD ROM ; _c4 3/4 plg. . |
||
| 590 |
_aE5765TAJ _b05 _c20171110 _lUCH01 _h0918 |
||
| 590 |
_aE5765TAJ _b05 _c20171110 _lUCH01 _h1439 |
||
| 650 | 1 | 4 |
_aUACH _vInformes. _9128937 |
| 650 | 1 | 4 |
_aUACH _xAdministración. _9115801 |
| 901 | _aBK | ||
| 942 | _cCD | ||
| 942 | _n0 | ||
| 999 |
_c110638 _d110638 |
||